MARC details
| 000 -LEADER |
| campo de control de longitud fija |
01381cam a2200349Ia 4500 |
| 001 - NÚMERO DE CONTROL |
| campo de control |
50996 |
| 005 - FECHA Y HORA DE LA ÚLTIMA TRANSACCIÓN |
| campo de control |
20230411090005.0 |
| 008 - DATOS DE LONGITUD FIJA--INFORMACIÓN GENERAL |
| campo de control de longitud fija |
070924s2007 nyuab b i000 0 eng d |
| 035 ## - NÚMERO DE CONTROL DEL SISTEMA |
| Número de control de sistema |
(OCoLC)ocn173263454 |
| 040 ## - FUENTE DE CATALOGACIÓN |
| Centro catalogador/agencia de origen |
EQO |
| Centro/agencia transcriptor |
EQO |
| Centro/agencia modificador |
NTE |
| 020 ## - NÚMERO INTERNACIONAL ESTÁNDAR DEL LIBRO |
| Número Internacional Estándar del Libro |
9789211169690 |
| 020 ## - NÚMERO INTERNACIONAL ESTÁNDAR DEL LIBRO |
| Número Internacional Estándar del Libro |
9211169690 |
| 035 ## - NÚMERO DE CONTROL DEL SISTEMA |
| Número de control de sistema |
(OCoLC)173263454 |
| 090 ## - LOCALMENTE ASIGNADO TIPO-LC NÚMERO DE CLASIFICACIÓN (OCLC); NÚMERO DE CLASIFICACIÓN LOCAL (RLIN) |
| Número de clasificación (OCLC) (R) ; Numero de clasificación, CALL (RLIN) (NR) |
TD171.5.S472 |
| Número cutter local (OCLC) ; Número de libro/Signatura topográfica íntegra, CALL (RLIN) |
E92 2007 |
| 049 ## - FONDOS LOCALES (OCLC) |
| Biblioteca depositaria |
GRAL |
| 245 00 - MENCIÓN DEL TÍTULO |
| Título |
Environmental performance reviews : |
| Resto del título |
Republic of Serbia : second review / |
| Mención de responsabilidad, etc. |
Economic Commission for Europe, Committee on Environmental Policy. |
| 246 14 - FORMA VARIANTE DEL TITULO |
| Título propio/Titulo breve |
2nd environmental performance review : |
| Resto del título |
Republic of Serbia |
| 246 3# - FORMA VARIANTE DEL TITULO |
| Título propio/Titulo breve |
Second environmental performance review : |
| Resto del título |
Republic of Serbia |
| 260 ## - PUBLICACIÓN, DISTRIBUCIÓN, ETC. |
| Lugar de publicación, distribución, etc. |
New York : |
| Nombre del editor, distribuidor, etc. |
United Nations, |
| Fecha de publicación, distribución, etc. |
2007. |
| 300 ## - DESCRIPCIÓN FÍSICA |
| Extensión |
xx, 169 p. : |
| Otras características físicas |
ill., maps (some col.) ; |
| Dimensiones |
30 cm. |
| 440 #0 - MENCIÓN DE SERIE/PUNTO DE ACCESO ADICIONAL--TÍTULO |
| Título |
Environmental performance reviews series, |
| Número Internacional Normalizado para Publicaciones Seriadas |
1020-4563 ; |
| Designación de volumen o secuencia |
no. 26 |
| 500 ## - NOTA GENERAL |
| Nota general |
"United Nations publication sales no.E.07.II.E.16"--T.p.verso. |
| 500 ## - NOTA GENERAL |
| Nota general |
"ECE/CEP/143"--T.p verso. |
| 504 ## - NOTA DE BIBLIOGRAFÍA, ETC. |
| Nota de bibliografía, etc. |
Includes bibliographical references (p. 161-169). |
| 650 #0 - PUNTO DE ACCESO ADICIONAL DE MATERIA--TÉRMINO DE MATERIA |
| Término de materia o nombre geográfico como elemento de entrada |
Environmental policy |
| Subdivisión geográfica |
Serbia. |
| 650 #0 - PUNTO DE ACCESO ADICIONAL DE MATERIA--TÉRMINO DE MATERIA |
| Término de materia o nombre geográfico como elemento de entrada |
Environmental protection |
| Subdivisión geográfica |
Serbia. |
| 650 #0 - PUNTO DE ACCESO ADICIONAL DE MATERIA--TÉRMINO DE MATERIA |
| Término de materia o nombre geográfico como elemento de entrada |
Environmental law |
| Subdivisión geográfica |
Serbia. |
| 710 2# - ENTRADA AGREGADA--NOMBRE DE ENTIDAD CORPORATIVA |
| Nombre de entidad corporativa o nombre de jurisdicción como elemento de entrada |
United Nations. |
| Unidad subordinada |
Economic Commission for Europe. |
| -- |
Committee on Environmental Policy. |
| 942 ## - ELEMENTOS DE ENTRADA SECUNDARIOS (KOHA) |
| Fuente del sistema de clasificación o colocación |
Clasificación de Library of Congress |
| Tipo de ítem Koha |
|
| 994 ## - |
| -- |
C0 |
| -- |
DRFGD |
| 946 ## - PROCESAMIENTO DE INFORMACIÓN LOCAL (OCLC) |
| a |
csexposito |